000 00986nam a2200277Ia 4500
001 Z_6313
008 220601s9999 xx 000 0 und d
020 _a968-24-0066-X
082 _a636.213 J48 1999
100 _aJuergenson, Elwood M.
_962280
245 _aMétodos aprobados en la producción de ganado vacuno para carne / Elwood M. Juergenson; traducción Francisco Contró M.
250 _a12a reimpresión
260 _aMéxico : Trillas
300 _a366 p.
500 _aTraducción de la obra en inglés: Approved practicesin beef cattle production de la 3th ed. de 1964
503 _aej.1: C/E \ ej.2: C/E
504 _aIncluye bibliografía
650 _a1. Ganado de carne - Producción
_9178435
650 _aCarne
_919053
700 _aCortó M., Francisco, tr. Contró M., Francisco, tr. Ì
_9183503
901 _a636.213 J48 1999
902 _aA
905 _a5232221999 1966 mx adn 8211113311spa16
942 _c1
999 _c217107
_d217107